000 04107nam a22003017a 4500
005 20250606150401.0
008 250606b ||||| |||| 00| 0 eng d
020 _a9789492095725
040 _aCO-BoUCM
_cDavid Moreno
_dDavid Moreno
041 _aeng
245 0 0 _aFeminist art activisms and artivisms
_bKaty Deepwell, Linda Aloysius, Begonia Marissa … [and thirty-five others].
260 _aAmsterdam, Países Bajos
_bValiz
_c2020
300 _a445 Paginas
_bilustraciones, facsímiles, retratos
490 _aPLURAL
504 _aIncluye referencias bibliográficas e índices
505 _rIntroduction / Katy Deepwell -- Artivisms as art activisms. On the development of interdisciplinary feminist methodologies and perspectives within my own artistic practice: I'll be your angel (2001) and Lexicon of Tanjas Ostojić (2011-2017) / Tanja Ostojić -- On fictional activism: exploring the film trilogy Dissolution (2019) / Michelle Williams Gamaker -- The little book of answers: Voice, embodiment, and autopoiesis as a methodology for resistance / Laura Malacart -- From The nuclear family to Cold War projects / Roxane Permar -- Film maker in the family: The impact of family life on creativity / Abbe Leigh Fletcher -- Fuzzy-edged feminism: When the artist is a she / Sonja van Kerkhoff -- Manifesto / GraceGraceGrace -- Real women/common birds / Anne Robinson -- Papercare: Performance art making as voicing and representation of the feminine caring teaching experience / Christina Vasileiou -- 'Dying to live': Bad endings and the afterlives of Greenham Common / Alexandra Kokoli -- Centrefold 1974: A memoir: A series of excerpts / Louise O'Hare -- Reflections on textile and memory: The invisible hand and women's work: Dean Castle textile team at the Dick Institute, Kilmarnock / Emma Dick and Kathleen Mullaniff -- New model army: Behind Tate Modern: Morphological activism and working-class single mothers (2018-19) / Linda Aloysius -- A dialogue with Stefanie Seibold and Alice Maude-Roxby / Katy Deepwell -- Identifying touchpoints in British and Chinese women's art in the twenty-first century / Virginia Yiqing Yang -- Visual activism and marginalized communities in online spaces / Camille Waring -- Feminist Artivisms: Examples of an art history / Alana Jelinek -- Art activisms and artivisms. The things that make you sick / Loraine Leeson -- Materializing dissent: Pussy Riot's balaclavas, material culture and feminist agency / Paula Chambers -- No, but... / Mare Tralla -- Feminist art activism in Israel: subversive strategies in public spaces / Tal Dekel and Lior Elefant -- Outrageous ageing as activism / Rosy Martin -- Feministing photography: the Pavilion Women's Photography Centre--looking back to act forwards / Gill Park -- Strange bodies, strange nature: corporeal and environmental artivisms of Lenka Klodová and Zdena Kolečková / Martina Pachmanová -- Menstronauts a go go / Marisa Carnesky -- Women, agency, documentary: first cut of Shahla / Pune Parsafar -- 'We refuse to be scapegoats': an essay on the painful journey towards un Censored a new art work / Pam Skelton -- Whose housework, whose artwork?: the voice of domestic workers / Marissa Begonia and Amy Charlesworth -- Living portraits: expanding the archive of representations for Indian domestic workers / Sreyashi Tinni Bhattacharyya -- Monumental activism: Judy Chicago's Dinner Party in feminist art making / Elke Krasny -- Curating from a Black female perspective: a testimony on adversity and resilience / Christine Eyene -- Using words in practice: contemporary art collections as agonistic sites / Emma Curd.
650 1 4 _aArte moderno
_99500
650 1 4 _aFeminismo y arte
_9104454
650 1 4 _aActivismo artístico
_9185922
650 1 4 _aPerformance política
_9185923
653 _aArte y género
653 _aFeminismo y arte
700 1 _aDeepwell, Katy
_d1962
_eeditor
_9185924
700 1 _aAloysius, Linda, $econtributor.
_9185925
700 1 _aBegonia, Marissa
_9185926
942 _2DEWEY
_a17
_cLIBRO
_e1
_h700.411
_mD311f
_n0
999 _c325495
_d325495